[Event "Irish Championship 2020"]
[Site "Dublin IRL"]
[Date "2020.08.01"]
[Round "1.8"]
[White "Daly, Colm"]
[Black "Venkatesan, Kavin"]
[Result "1-0"]
[WhiteTitle "FM"]
[WhiteElo "2248"]
[BlackElo "1946"]
[WhiteICU "2331"]
[BlackICU "1984"]
[WhiteClub "Bray/Greystones"]
[BlackClub "St. Benildus"]
[WhiteNationality "IRL"]
[BlackNationality "IRL"]
[WhiteFideId "2500434"]
[BlackFideId "2512602"]
[PlyCount "75"]
[EventDate "2020.08.01"]

{ Event information: <a
href="https://www.irlchess.com/irlch2020_allfiles/pairings_irlch2020.html">Tournament
report</a>. }

1. e4 c5 2. Nf3 d6 3. d4 cxd4 4. Nxd4 Nf6 5. Nc3 a6 6. Bg5 e6 7. f4 Nbd7 8.
Qe2 Qc7 9. O-O-O Be7 10. g4 b5 11. a3 Bb7 12. Bg2 h6 13. Bxf6 gxf6 14. Rhe1
Nb6 15. Nd5 exd5 16. exd5 Nc8 17. Nf5 Ra7 18. Rd3 a5 19. Re3 Ba6 20. Nxe7
Nxe7 21. Rxe7+ Qxe7 22. Qf2 O-O 23. Rxe7 Rxe7 24. Qb6 Bc8 25. Bf3 Rfe8 26.
Qxa5 Rb7 27. Qc3 f5 28. h3 Rbe7 29. Kd2 fxg4 30. hxg4 Bb7 31. Qf6 Re3 32.
g5 hxg5 33. Bh5 R3e7 34. Qxg5+ Kh7 35. Bg4 Bc8 36. Qh5+ Kg8 37. Bxc8 Rxc8
38. Qg4+ 1-0